000 01173nam a22003017a 4500
001 BR8702832
003 BR-BrBNA
005 20230928092534.0
007 ta
008 230509b bl.||||| |||| 00| 0 por d
040 _aBR-BrBNA
_bpor
_cBiblioteca Nacional de Agricultura
041 _a(Por)
072 _aE70; E50
_b/G514
090 _ E70 BR8702832
110 1 _aSecretaria de Estado do Planejamento e Coordenacao Geral, Belo Horizonte, MG (Brasil);
_98929
110 1 _aSecretaria de Estado da Agricultura, Belo Horizonte, MG (Brasil);
_98795
110 1 _aFundacao Joao Pinheiro, Belo Horizonte, MG (Brasil)
_94974
245 1 _aPrograma Estadual de Promocao dos Pequenos Produtores Rurais (Agricultura de baixa renda de Minas Gerais). Anexo no. 13.3.15 Componente: Sistema de comercializacao
_bOrgao reponsavel: CAMIG/CASEMG
260 3 _aBelo Horizonte, MG (Brasil):
_c1979.
300 _avp.
500 _a(*) Documento disponível no(a) SEPLAN, Belo Horizonte, MG (Brazil)
650 _aCOMERCIALIZACAO
650 _aPRODUTO AGRICOLA
650 _aPEQUENO PRODUTOR
650 _aMINAS GERAIS
909 _a202309
_bLucia
_c55
_dLucia Elande
942 _cBK
999 _c39687
_d39687